Devízový zákon a podnikatelia

Nový devízový zákon č. 202/1995 Z.z. je založený na liberalizácii slovenskej koruny v rámci bežného účtu platobnej bilancie. Právo právnických osôb a fyzických osôb nepodnikateľov uhradiť peňažné záväzky voči cudzozemcom. Cudzozemci môžu previesť do zahraničia výnosy z bežných operácií. Ohlasovacia,...

ver descrição completa

Na minha lista:
Detalhes bibliográficos
Autor principal: Najšlová, Oľga
Formato: Capítulo de Livro
Idioma:eslovaco
Assuntos:
Tags: Adicionar Tag
Sem tags, seja o primeiro a adicionar uma tag!

MARC

LEADER 00000naa a2200000 4500
001 r017957
005 20221213095642.4
041 0 |a slo 
044 |a SK 
245 1 0 |a Devízový zákon a podnikatelia  |c Oľga Najšlová 
520 |a Nový devízový zákon č. 202/1995 Z.z. je založený na liberalizácii slovenskej koruny v rámci bežného účtu platobnej bilancie. Právo právnických osôb a fyzických osôb nepodnikateľov uhradiť peňažné záväzky voči cudzozemcom. Cudzozemci môžu previesť do zahraničia výnosy z bežných operácií. Ohlasovacia, ponuková a transferová povinnosť. Platby v hotovosti v zahraničí. Kapitálové transakcie. Spoločnosti so zahraničnou majetkovou účasťou. 
610 2 0 |a zákony 
610 2 0 |a devízy 
610 2 0 |a 1995 
610 2 0 |a Slovensko 
610 2 0 |a liberalizácia 
610 2 0 |a politika devízová 
610 2 0 |a koruna 
610 2 0 |a mena 
610 2 0 |a osoby fyzické 
610 2 0 |a osoby právnické 
610 2 0 |a podnikatelia 
610 2 0 |a prevod bankový 
610 2 0 |a platby v hotovosti 
610 2 0 |a spoločnosti akciové 
100 1 |a Najšlová, Oľga